000 00599nam a2200229Ia 4500
003 OSt
005 20220923230129.0
006 a|||||r|||| 00| 0
007 ta
008 Pun
024 _a277,598
037 _cTextual
040 _aARTS
_cARTS
_bPun
041 _2Pun
_aPun
082 _aO153,3NBA,CK, M2
100 _aਬੱਗਾ, ਕੁਲਦੀਪ
_9156291
245 0 _aਛੋਟਾ ॥ੁਦਾ
260 _c1982
650 _aਪੰਜਾਬੀ ਸਾਹਿਤ
942 _hO153,3NBA,CK, M2
_cTEXL
_2CC
999 _c382650
_d382650